| 000 | 00000nam##2200000za#4500 |
| 001 | 9.539440 |
| 003 | CaOODSP |
| 005 | 20200331234726 |
| 007 | ta |
| 008 | 150406|2003||||xxc||||| f|0| 0 eng|d |
| 022 | |a0706-6457 |
| 040 | |aCaOODSP|beng |
| 041 | |aeng |
| 041 | |afre |
| 043 | |an-cn--- |
| 086 | 1 |aFs97-6/2510 |
| 110 | 1 |aCanada. |bDepartment of Fisheries and Oceans. |
| 245 | 10|aProceedings of the 30th Annual Aquatic Toxicity Workshop : |bSeptember 28 to October 1, 2003, Ottawa, Ontario / |cEditors, K. Hedley, S. Roe and A.J. Niimi. |
| 260 | |aOttawa - Ontario : |bFisheries and Oceans Canada |c2003. |
| 300 | |axvi, 158p. : |bfigs., references, tables ; |c28 cm. |
| 490 | 1 |aCanadian technical report of fisheries and aquatic sciences|x0706-6457|v2510 |
| 500 | |aPrefactory texts in English and French. Full text or abstract of papers in English. "Environment Canada, National Water Research Institute, Gatineau, QC, K1A 0H3; Environment Canada, National Guidelines and Standards Office, Gatineau, QC, K1A 0H3; Department of Fisheries and Oceans, Bayfield Institute, Burlington, ON, L7R 4A6". |
| 546 | |aChiefly in English. |
| 563 | |aSpiral binding |
| 590 | |a04-07|b2004-02-13 |
| 690 | 07|aFish|2gcpds |
| 690 | 07|aSamples|2gcpds |
| 720 | 1 |aNiimi, A. J. |
| 720 | 1 |aHedley, K. |
| 720 | 1 |aRoe, S. |
| 776 | 0#|tComptes rendus du 30e atelier annuel sur la toxicité aquatique : |w(CaOODSP)9.588186 |
| 792 | |tComptes rendus du 30e atelier annuel sur la toxicité aquatique : |efre|w(CaOODSP)9.539441 |
| 830 | #0|aCanadian technical report of fisheries and aquatic sciences,|x0706-6457|v2510|w(CaOODSP)9.514690 |